000
00200nam a2200085Ia 4500
008
120527s9999 xx 000 0 und d
100
_a
Blankmeyer & Moga
245
_a
Contemporary Economics
942
_c
BK
999
_c
27116
_d
27116